| 000 | 00487nam a22001817a 4500 | ||
|---|---|---|---|
| 003 | CEME | ||
| 005 | 20210628203639.0 | ||
| 008 | 210318b xxu||||| |||| 00| 0 eng d | ||
| 020 | _a0-12-041536-4 | ||
| 040 | _c. | ||
| 082 | _a510.2855369 ABE'M | ||
| 100 |
_aAbell, Martha.L , Braselton, James.P _966680 |
||
| 245 | _aThe mathematica hand book | ||
| 260 |
_aBOSTON _bAP PROFESSIONAL _c1992 |
||
| 300 | _aXVI,789P | ||
| 650 |
_aMATHEMATIACA-DATA PROCESSING _966681 |
||
| 942 |
_cBK _2ddc |
||
| 999 |
_c574611 _d574611 |
||